Electric machinery fundamentals (Record no. 1110)

000 -LEADER
fixed length control field 00674nam a22002294a 4500
001 - CONTROL NUMBER
control field 1110
003 - CONTROL NUMBER IDENTIFIER
control field BD-DhUET
008 - FIXED-LENGTH DATA ELEMENTS--GENERAL INFORMATION
fixed length control field 030923s2005 nyua b 001 0 eng
020 ## - INTERNATIONAL STANDARD BOOK NUMBER
International Standard Book Number 0071151559
040 ## - CATALOGING SOURCE
Original cataloging agency DLC
Transcribing agency DLC
Modifying agency BD-DhUET
082 00 - DEWEY DECIMAL CLASSIFICATION NUMBER
Classification number 623
Item number CHA/2005
100 1# - MAIN ENTRY--PERSONAL NAME
Personal name Chapman, Stephen J.
245 10 - TITLE STATEMENT
Title Electric machinery fundamentals
250 ## - EDITION STATEMENT
Edition statement 4th ed.
260 ## - PUBLICATION, DISTRIBUTION, ETC. (IMPRINT)
Place of publication, distribution, etc. Boston
Name of publisher, distributor, etc. McGraw-Hill
Date of publication, distribution, etc. 2005
300 ## - PHYSICAL DESCRIPTION
Extent xxii, 746p.
Other physical details ill.
Dimensions 24 cm.
500 ## - GENERAL NOTE
General note Includes bibliographies
650 #0 - SUBJECT ADDED ENTRY--TOPICAL TERM
Topical term or geographic name as entry element Electric engineering
856 41 - ELECTRONIC LOCATION AND ACCESS
Uniform Resource Identifier http://www.loc.gov/catdir/toc/mh041/2003065174.html
856 42 - ELECTRONIC LOCATION AND ACCESS
Uniform Resource Identifier http://www.loc.gov/catdir/description/mh041/2003065174.html
942 ## - ADDED ENTRY ELEMENTS (KOHA)
Koha item type General Book
Holdings
Koha full call number Price effective from Shelving location Damaged status Location (home branch) Koha renewals Source of classification or shelving scheme Koha out on loan Piece designation (barcode) Not for loan Lost status Withdrawn status Koha item type Koha issues (times borrowed) Koha date last seen Sublocation or collection (holding branch) Koha normalized classification for sorting Date acquired Koha date last borrowed Copy number
623/CHA/20052014-08-30Circulation section Central Library, BUET   103333   General Book152025-04-16Central Library, BUET623_000000000000000_CHA_20052014-08-302024-12-181
623/CHA/20052014-08-30Circulation section Central Library, BUET   103335   General Book232026-04-15Central Library, BUET623_000000000000000_CHA_20052014-08-302026-03-302
623/CHA/20052014-08-30Circulation section Central Library, BUET  2017-02-26103336   General Book22016-02-27Central Library, BUET623_000000000000000_CHA_20052014-08-302016-02-273
623/CHA/20052014-08-30Circulation section Central Library, BUET1 2022-12-06103337   General Book112022-11-22Central Library, BUET623_000000000000000_CHA_20052014-08-302022-11-224
623/CHA/20052015-01-26Circulation section Central Library, BUET  2025-12-15103339   General Book172025-12-01Central Library, BUET623_000000000000000_CHA_20052015-01-262025-12-015
623/CHA/20052015-12-30Circulation section Central Library, BUET   103340   General Book252026-02-03Central Library, BUET623_000000000000000_CHA_20052015-12-302026-01-076